[Event "Charlotte Spring Classic 2021"]
[Site "Charlotte"]
[Date "2021.03.28"]
[Round "3.8"]
[White "Johnson, Donald"]
[Black "Yanayt, Eugene"]
[Result "1-0"]
[WhiteElo "1881"]
[BlackElo "2125"]
[Annotator "TA"]
[PlyCount "131"]
[EventDate "2021.03.22"]
[EventType "swiss"]
[EventCountry "USA"]
[SourceTitle "playchess.com"]
[Source "ChessBase"]
[SourceQuality "1"]

{[%evp 20,131,36,2,31,22,49,44,49,34,28,25,32,20,65,31,54,29,66,52,117,126,84,72,158,23,32,24,21,16,17,0,76,0,57,-57,-22,-16,-6,-14,-16,-12,0,0,0,-59,0,0,0,-6,0,0,116,-43,95,75,87,-253,-245,-225,-231,-259,-275,-253,-175,-161,280,306,275,0,0,0,0,0,0,0,204,179,343,345,300,223,383,385,379,284,384,329,467,468,464,461,546,546,546,546,546,535,522,522,663,639,967,853,1294,650,29982,29983,29983,29984,29984,29985,29985,29986]} 1. e4 c5 2. Nf3 d6 3. Bb5+ Bd7 4. Bxd7+ Qxd7 5. c4 Nf6 6. Nc3 g6 7. d4 cxd4 8. Nxd4 Bg7 9. f3 O-O 10. Be3 Nc6 11. Qd2 Rfc8 {B52: Sicilian: Moscow Variation with 3...Bd7.} 12. b3 Rab8 13. O-O a6 {White is slightly better.} 14. a4 Qd8 15. Kh1 Qa5 16. Rfd1 {[#]} Qh5 $146 ({Predecessor:} 16... e6 17. Nde2 Ne8 18. Rab1 Qb4 19. Qc1 Ne5 20. Ba7 Ra8 21. Bg1 Rab8 22. Qe3 Nc6 {½-½ (56) Mrva,V (2172)-Harasta,I (2145) Slovakia 2002}) 17. Rac1 Nd7 18. Nde2 Rd8 19. Nd5 Nc5 (19... e6 $14) 20. Ng3 Qe5 21. Rb1 b6 (21... a5 $142) 22. Qc2 (22. f4 $16 Qe6 23. b4) 22... a5 $1 $11 23. Rd2 Rb7 24. Rf1 Bh8 25. Qd1 Nd7 (25... e6 $11 26. Nf4 Nb4) 26. Kg1 (26. Bh6 $16 Qe6 27. f4) 26... Qg7 ({Better is} 26... e6 $11 27. Nf4 Nc5) 27. Nh1 (27. e5 $14) 27... Qf8 28. Nf2 e6 29. Nf4 Nc5 30. Ne2 Nb4 31. Nd4 d5 32. Nb5 ({White should try} 32. cxd5 $11 exd5 33. Nb5) 32... Rbd7 (32... d4 $1 $15 33. Bxd4 (33. Nxd4 Rbd7 $15) 33... Bxd4 34. Rxd4 Rbd7 35. Rxd7 Rxd7) 33. cxd5 exd5 34. Bg5 Re8 35. Ng4 f6 (35... h5 $11 36. Ne3 Ne6) 36. Bh6 $2 ({White should play} 36. Nh6+ $16 Kg7 37. Bf4) 36... Qe7 (36... Bg7 $1 $15 {stays ahead.} 37. Bxg7 Qxg7) 37. exd5 $16 {Strongly threatening Nc7!} f5 {[#]} 38. Ne3 {[%mdl 8192]} (38. d6 $1 $16 {and life is bright.} Qf7 {[#]} 39. Re2 $1) 38... Qh4 $19 39. Nc4 {Hoping for Be3.} Qxh6 40. Nxb6 Qe3+ 41. Kh1 Nxb3 42. Nc4 Qf4 {[%mdl 8192]} (42... Nxd2 $19 43. Nxe3 Nxf1 44. Nxf1 Rxd5) 43. Qxb3 $18 Rc8 44. Nb6 (44. Ne3 $18) 44... Be5 $1 $11 {[%csl Ge5][%cal Rf4h2]} 45. d6+ Kg7 {[%csl Ge5][%cal Rf4h2]} (45... Kh8 $5 46. g3 $8 Qxd2 47. Nxc8 Nd3 $11) 46. g3 Qxd2 47. Nxc8 Qe2 $2 {Black is on the road to losing.} (47... Nc2 $11 {and Black is okay.} 48. Rg1 (48. Qe6 $2 Qe2 $19) 48... Qe2) 48. Qd1 $18 Qe3 (48... Qd3 49. Nb6 Rb7) 49. Re1 Qc5 50. Nb6 Rd8 {[#]} (50... Qxb6 {might work better.} 51. Rxe5 Qf2) 51. Nc7 $1 {Threatens to win with Ne6+.} Rxd6 {[#]} ({But not} 51... Qxb6 $2 52. Rxe5 Nc6 53. Ne6+ Kf6 54. Rb5 $18) 52. Qxd6 {[%mdl 576] Remove Defender} Bxd6 (52... Qxd6 53. Ne8+) 53. Ne6+ {[%mdl 64] Double Attack} Kf7 (53... Kh6 $142 54. Nxc5 Bxc5) 54. Nxc5 Bxc5 {[%mdl 4096] Endgame KRN-KBN} 55. Nc4 Nd3 56. Ne5+ Nxe5 57. Rxe5 {KR-KB} Bb4 58. Kg2 Kf6 59. f4 g5 60. Kf3 h5 61. Rb5 g4+ 62. Ke2 {Black must now prevent Rxb4!} h4 {[#]} 63. Rxb4 $1 {[%mdl 512] White mates.} axb4 64. a5 b3 65. Kd3 hxg3 66. hxg3 {Weighted Error Value: White=0.48/Black=0.65} 1-0

[Event "Charlotte Spring Classic 2021"]
[Site "Charlotte"]
[Date "2021.03.28"]
[Round "3.9"]
[White "Fishbein, Alexander"]
[Black "Brady, Tyson"]
[Result "1-0"]
[WhiteElo "2438"]
[BlackElo "1766"]
[Annotator "TA"]
[PlyCount "117"]
[EventDate "2021.03.22"]
[EventType "swiss"]
[EventCountry "USA"]
[SourceTitle "playchess.com"]
[Source "ChessBase"]
[SourceQuality "1"]

{[%evp 29,117,51,71,64,83,79,113,106,95,102,116,76,125,33,27,16,133,128,125,122,136,82,75,74,76,62,169,171,174,173,183,183,171,167,174,158,183,161,280,265,318,320,370,370,368,347,365,362,477,472,467,468,459,460,475,486,661,656,964,923,1599,1461,1324,1339,888,736,1178,1115,2288,1999,1595,863,29967,29976,29979,29979,29979,29979,29979,29980,29980,29981,29981,29982,29983,29983,29985,29986,29991,29990]} 1. e4 c5 2. Nf3 g6 3. d4 cxd4 4. Nxd4 Bg7 5. c4 Nc6 6. Be3 Nf6 7. Nc3 O-O 8. Be2 d6 9. O-O Bd7 10. Qd2 Nxd4 11. Bxd4 Bc6 12. f3 Nd7 13. Be3 a5 14. b3 Nc5 15. Rab1 f5 {[#]} 16. exf5 $1 {B38: Sicilian: Maroczy Bind with 5...Bg7 and 7...0-0.} gxf5 17. Nd5 {[#]} e5 $146 ({Predecessor:} 17... Bxd5 18. Qxd5+ e6 19. Qd2 Qc7 20. Qd5 Qd8 21. Qd2 Qc7 22. Kh1 Rad8 23. Qc2 f4 24. Bg1 Be5 25. a3 Ra8 26. Rbd1 Qg7 27. Bd3 Rac8 28. Rfe1 {½-½ (28) Collutiis,D (2415)-Vezzosi,P (2301) Spilimbergo 2018}) 18. Bg5 {White is better.} Qb8 19. Rbd1 {Threatens to win with Ne7+.} Ne6 20. Bh6 Rf7 21. Bxg7 (21. Nb6 $16) 21... Kxg7 22. Rf2 Nd4 (22... Qd8 $11) 23. Nb6 $16 Ra7 24. Qg5+ Kh8 25. Rxd4 exd4 26. Qf4 Qd8 {[#]} 27. Nc8 Qxc8 {Black is now going downhill.} ({Better is} 27... Ra8 $14 28. Nxd6 {[%mdl 64] Double Attack} Rf8) 28. Qxd4+ $18 {[%mdl 64] Double Attack} Kg8 {And now ...Ra8 would win.} 29. Qxa7 Qd8 30. Qd4 Qe7 31. Bf1 Qe5 32. Rd2 Rd7 33. f4 Qe4 (33... Qc5 $142 34. g3 Qxd4+ 35. Rxd4 Kf7) 34. Qxe4 fxe4 {[%mdl 4096] Endgame KRB-KRB} 35. Kf2 Kg7 36. Ke3 h5 37. g3 Kf6 38. Bg2 b5 39. Bxe4 Bxe4 40. Kxe4 bxc4 41. bxc4 {KR-KR} Re7+ 42. Kf3 Re6 43. Rd5 h4 44. g4 a4 45. Ra5 Re1 46. g5+ Kg6 47. Rxa4 Rh1 48. Ra6 Rxh2 49. Rxd6+ Kf7 50. Kg4 Rxa2 51. Kxh4 {White mates.} Rc2 52. Rc6 Ke7 53. Kg4 Kd7 54. Ra6 Rxc4 55. g6 Ke7 56. Kg5 Rc1 57. Ra7+ Kf8 58. f5 Rf1 59. Kf6 {[%cal Ra7a8] Weighted Error Value: White=0.13/Black=0.38} 1-0

[Event "Charlotte Spring Classic 2021"]
[Site "Charlotte"]
[Date "2021.03.28"]
[Round "3.10"]
[White "Bregadze, Levan"]
[Black "Povinelli, Braydon"]
[Result "1-0"]
[WhiteElo "2454"]
[BlackElo "1594"]
[Annotator "TA"]
[PlyCount "67"]
[EventDate "2021.03.22"]
[EventType "swiss"]
[EventCountry "USA"]
[SourceTitle "playchess.com"]
[Source "ChessBase"]
[SourceQuality "1"]

{[%evp 16,67,33,-3,0,-5,-14,-14,-12,0,-18,-16,85,82,83,85,119,115,165,133,138,102,99,86,111,114,108,103,104,100,142,100,130,111,116,118,332,321,336,354,408,411,412,407,412,350,493,394,547,536,519,519,1418,1165]} 1. d4 d5 2. c4 c6 3. Nc3 Nf6 4. Nf3 dxc4 5. a4 Bf5 6. e3 e6 7. Bxc4 Bb4 8. O-O O-O 9. Qb3 c5 {D18: Slav Defence: 5 a4 Bf5 6 e3.} 10. dxc5 a5 11. Nd4 {[#]} Bg6 $146 {The position is equal.} ({Predecessor:} 11... Qe7 12. Nxf5 exf5 13. Qc2 Qxc5 14. b3 Nbd7 15. Na2 Rac8 16. Bb2 Ne4 17. Nxb4 axb4 {½-½ (55) Hoang,T (2247)-Pham,L (2342) Vietnam 2016}) 12. Na2 Bxc5 13. Qxb7 Bb6 {[#]} 14. Nc3 $1 $36 {[%mdl 2048] White has strong initiative.} ({Much worse is} 14. Qxa8 Be4 $15) 14... Ra7 15. Qf3 Bxd4 16. exd4 Qc8 17. b3 Nc6 18. Nb5 Rd7 19. Bg5 Nd5 20. Rac1 Qb7 21. h4 h6 22. Bd2 Qb6 23. Qg3 Kh8 24. Rfe1 Nde7 25. Qg4 Nf5 $2 {This costs Black the game.} (25... Nxd4 $16 {is a better defense.} 26. Bc3 Nec6) 26. Bxe6 $18 fxe6 27. Rxe6 {[%mdl 64] [#] Double Attack} ({Weaker is} 27. Qxg6 Ncxd4 28. Bc3 Nxh4 $16) 27... Bh7 {[%cal Rf5d4]} 28. Rexc6 ({Don't do} 28. Rcxc6 Qd8 $18) 28... Qd8 29. Rc7 Rxc7 30. Rxc7 Qf6 (30... Bg8 $142 31. b4 axb4 32. Bxb4 Rf6) 31. Qf4 g5 32. hxg5 {White is clearly winning.} hxg5 33. Qxg5 Qe6 (33... Qxg5 $142 34. Bxg5 Bg8) 34. d5 {Weighted Error Value: White=0.11/Black=0.43} 1-0

[Event "Charlotte Spring Classic 2021"]
[Site "Charlotte"]
[Date "2021.03.28"]
[Round "4.1"]
[White "Ippolito, Dean"]
[Black "Liang, Jason"]
[Result "1-0"]
[WhiteElo "2369"]
[BlackElo "2342"]
[Annotator "TA"]
[PlyCount "89"]
[EventDate "2021.03.22"]
[EventType "swiss"]
[EventCountry "USA"]
[SourceTitle "playchess.com"]
[Source "ChessBase"]
[SourceQuality "1"]

{[%evp 18,89,0,-20,23,24,21,21,21,8,14,15,23,23,22,13,14,5,11,0,0,-1,-5,-36,-40,-29,-21,-92,-78,-98,-81,-103,-42,-39,-9,-17,-12,-16,-14,-137,0,0,0,0,0,0,163,170,181,184,1138,1088,1032,950,219,2902,2892,2590,29982,29983,29982,6745,29987,29988,29988,29989,29989,29985,29995,29995,29996,29996,29996,29997]} 1. d4 d5 2. c4 c6 3. Nf3 Nf6 4. Qb3 dxc4 5. Qxc4 Bf5 6. Nc3 e6 7. g3 Be7 8. Bg2 O-O 9. O-O Nbd7 10. a4 {[%cal Ba2a4,Ba4a5][%mdl 32]} Ne4 {D23: Queen's Gambit Accepted: 3 Nf3 Nf6 sidelines.} 11. a5 Nxc3 12. bxc3 Be4 {The position is equal.} 13. Ba3 Bxa3 14. Rxa3 {[#]} Qe7 $146 ({Predecessor:} 14... Qc7 15. Ng5 Bxg2 16. Kxg2 c5 17. Rb1 Qc6+ 18. Nf3 b6 19. Qb5 Qxb5 20. Rxb5 a6 21. Rxb6 Nxb6 22. axb6 cxd4 {½-½ (40) Kopylov,A (2421)-Matlakov,M (2484) Rybinsk 2008}) 15. Raa1 c5 16. Qa4 Rfc8 17. Rfc1 Rc7 18. Ne1 Bxg2 19. Nxg2 Rac8 20. Rcb1 Nf6 21. Ne3 h5 22. Rb3 (22. Rb2 $11) 22... Ne4 $1 $17 23. Nd1 h4 24. Rb2 Qg5 (24... hxg3 $17 25. hxg3 f5) 25. dxc5 $15 hxg3 26. Qxe4 gxh2+ 27. Kxh2 {Strongly threatening Qg2.} Rxc5 28. Ne3 (28. Rxb7 $2 Qh5+ 29. Kg2 Rg5+ 30. Kf1 Qh3+ 31. Ke1 Rd8 $19) (28. Ra4 $1 $11 {keeps the balance.}) 28... Qh6+ ({Better is} 28... Re5 $1 $17 {[%cal Re5e4]} 29. Qxb7 Rxc3 30. Qa8+ (30. Qxa7 {gets mated.} Qh4+ 31. Kg1 Rg5+ 32. Ng2 Rh3 33. Rb8+ Kh7 34. Rh8+ {[%mdl 64] Decoy} Kxh8 35. Qb8+ Kh7 36. Qb1+ g6 37. Qxg6+ fxg6 38. f3 Rh1#) 30... Kh7) 29. Kg1 $1 $11 {Nf1 is the strong threat.} Rg5+ $1 30. Ng2 Rh5 {[%csl Gh6][%cal Rh5h1]} 31. Nf4 Rh4 (31... Rg5+ $11 {and Black has nothing to worry.} 32. Ng2 Rh5) 32. e3 $18 ({Worse is} 32. Qxb7 Qxf4 33. Qxc8+ Kh7 $15) 32... e5 33. Qxb7 Rc6 {[#]} (33... Rg4+ 34. Ng2 Rc6) 34. Qa8+ $1 (34. Qb8+ Kh7 $11) 34... Kh7 {[#]} 35. Rb8 $1 {[%csl Ga8][%cal Rb8h8]} Rh1+ (35... Qg5+ 36. Kf1) 36. Kg2 {[%csl Ga8][%cal Rb8h8]} Qg5+ 37. Kf3 {[%csl Ga8][%cal Rb8h8]} e4+ 38. Ke2 {[%csl Ga8][%cal Rb8h8]} Qg4+ 39. Kd2 {[%csl Ga8][%cal Rb8h8]} Qd7+ 40. Kc2 {[%csl Ga8][%cal Rb8h8] White mates.} Rxc3+ 41. Kxc3 {[%csl Ga8][%cal Rb8h8]} Qc7+ 42. Kb3 {[%cal Ra1h1]} g5 43. Rxh1+ Kg7 44. Rg8+ Kf6 45. Nd5+ {[%mdl 64] Double Attack.  Weighted Error Value: White=0.15/Black=0.50} 1-0

[Event "Charlotte Spring Classic 2021"]
[Site "Charlotte"]
[Date "2021.03.28"]
[Round "4.2"]
[White "Chasin, Nico"]
[Black "Sarkar, Justin"]
[Result "1/2-1/2"]
[WhiteElo "2293"]
[BlackElo "2365"]
[Annotator "TA"]
[PlyCount "113"]
[EventDate "2021.03.22"]
[EventType "swiss"]
[EventCountry "USA"]
[SourceTitle "playchess.com"]
[Source "ChessBase"]
[SourceQuality "1"]

{[%evp 13,113,22,43,21,22,0,0,-15,31,40,38,35,54,48,51,18,22,24,31,30,31,25,39,37,52,38,38,36,42,38,48,15,15,15,15,15,15,15,16,15,36,12,14,20,20,10,20,20,20,16,20,7,8,10,8,12,14,0,0,0,0,0,0,0,0,-69,-8,-128,-28,-452,-184,-158,-39,-33,-28,-52,-26,-31,-16,-16,-18,-19,-8,-8,-8,-8,-8,-8,-8,-8,-8,-8,-8,-8,-8,-8,-8,-8,-8,-8,-8,-8]} 1. d4 Nf6 2. c4 e6 3. Nf3 d5 4. g3 dxc4 5. Bg2 Nc6 6. Qa4 Bd7 7. Qxc4 Na5 8. Qd3 {E02: Open Catalan: 5 Qa4+.} c5 9. dxc5 Bxc5 10. Ne5 {[#]} Ba4 $146 (10... Qb6 {is interesting.} 11. O-O Bb5 12. Qc2 Rc8 13. Nc3 Bd4) ({Predecessor:} 10... Bc6 11. Qxd8+ Rxd8 12. Nxc6 Nxc6 13. Bxc6+ bxc6 14. Nd2 O-O 15. Nc4 Ne4 16. f3 Nd6 {½-½ (23) Tukmakov,V (2600)-Siegel,G (2480) Zuerich 1995}) 11. Nc3 Bb4 12. Bd2 Qxd3 13. Nxd3 Bc6 14. e4 Be7 15. Ne5 Nd7 16. Nxc6 Nxc6 17. f4 f6 18. O-O-O Kf7 19. Be3 Rhd8 20. Nb5 Nc5 21. Kb1 a6 22. Na3 (22. Nd4 {feels hotter.} Nxd4 23. Bxd4 b6 24. Be3 Rac8 25. e5) 22... Rxd1+ 23. Rxd1 Rd8 24. Rxd8 Nxd8 25. Nc4 b5 26. Nb6 e5 27. Kc2 Nc6 28. a3 Ne6 29. Nd5 Bc5 {Threatening ...Bxe3.} 30. f5 Ned4+ 31. Kd3 Nb3 32. Nc7 Bxe3 33. Kxe3 $11 {[%mdl 4096] Endgame KBN-KNN} Nb8 34. Bf1 Nd4 35. Kd3 Ke7 36. Kc3 Kd7 37. Nd5 Nbc6 38. a4 Kd6 39. h4 {[#]} (39. axb5 $11 Nxb5+ 40. Kc4) 39... Nxf5 $1 40. axb5 (40. exf5 $11 Kxd5 41. axb5 axb5 42. Bxb5) 40... axb5 (40... Nxg3 $17 41. bxc6 Nxf1) 41. Nxf6 {[%mdl 8192]} Nxg3 ({Inferior is} 41... gxf6 42. exf5 Nd4 43. g4 $11) (41... b4+ $142 42. Kd3 Nxg3 43. Ne8+ Kd7 44. Nxg7 Nxf1) 42. Ne8+ $19 Ke7 ({Black should try} 42... Kc5 $17 43. Bd3 Nh5) 43. Bxb5 $15 Nd4 44. Ba4 Nxe4+ 45. Kc4 Nd6+ 46. Nxd6 {The position is equal.} Kxd6 $11 {KB-KN} 47. h5 $1 g6 48. hxg6 hxg6 49. b4 g5 {aiming for ...g4.} 50. Bd1 Nf5 {...Ne3+ is the strong threat.} 51. Kd3 Nh6 52. b5 g4 53. b6 Kc6 54. Ke4 Kxb6 55. Kxe5 g3 {( -> ...g2)} 56. Bf3 {[#]} Ng4+ $1 57. Kf4 {Weighted Error Value: White=0.26/Black=0.22} (57. Kd4 Nh2) 1/2-1/2

[Event "Charlotte Spring Classic 2021"]
[Site "Charlotte"]
[Date "2021.03.28"]
[Round "4.3"]
[White "Wang, Tianqi"]
[Black "Wu, Derek"]
[Result "1-0"]
[WhiteElo "2305"]
[BlackElo "2190"]
[Annotator "NA"]
[PlyCount "79"]
[EventDate "2021.03.22"]
[EventType "swiss"]
[EventCountry "USA"]
[SourceTitle "playchess.com"]
[Source "ChessBase"]
[SourceQuality "1"]
[TimeControl "5400+30"]

1. e4 {[%emt 0:02:44]} c5 {[%emt 0:00:00]} 2. Nc3 {[%emt 0:00:09]} a6 {[%emt 0:00:02]} 3. g3 {[%emt 0:00:04]} b5 {[%emt 0:00:09]} 4. Bg2 {[%emt 0:00:03]} Bb7 {[%emt 0:00:08]} 5. d3 {[%emt 0:00:06]} e6 {[%emt 0:00:12]} 6. Nh3 {[%emt 0:00:04]} b4 {[%emt 0:00:49]} 7. Ne2 {[%emt 0:01:07]} d5 {[%emt 0:00:45]} 8. O-O {[%emt 0:00:31]} dxe4 {[%emt 0:03:30]} 9. dxe4 {[%emt 0:00:55]} Qxd1 {[%emt 0:00:56]} 10. Rxd1 {[%emt 0:00:09]} Nf6 {[%emt 0:00:09]} 11. e5 {[%emt 0:01:14]} Bxg2 {[%emt 0:00:07]} 12. Kxg2 {[%emt 0:00:03]} Nfd7 {[%emt 0:00:09]} 13. f4 {[%emt 0:00:08]} Nb6 {[%emt 0:02:04]} 14. Ng5 {[%emt 0:04:44]} N8d7 {[%emt 0:05:51]} 15. a4 {[%emt 0:06:57]} Be7 {[%emt 0:03:46]} 16. Ne4 {[%emt 0:01:45]} f6 {[%emt 0:03:34]} 17. exf6 {[%emt 0:05:49]} gxf6 {[%emt 0:00:19]} 18. a5 {[%emt 0:01:25]} Nd5 {[%emt 0:03:20]} 19. f5 {[%emt 0:02:59]} O-O-O {[%emt 0:06:06]} 20. fxe6 {[%emt 0:03:52]} Nf8 {[%emt 0:00:15]} 21. Rf1 {[%emt 0:18:04]} Nxe6 {[%emt 0:01:29]} 22. c4 {[%emt 0:03:21]} bxc3 {[%emt 0:01:27]} 23. N2xc3 {[%emt 0:02:17]} Rhf8 {[%emt 0:03:49]} 24. Bh6 {[%emt 0:01:42]} Rf7 {[%emt 0:01:41]} 25. Rae1 {[%emt 0:00:21]} f5 {[%emt 0:07:14]} 26. Nxd5 {[%emt 0:01:36]} Rxd5 {[%emt 0:00:04]} 27. Nc3 {[%emt 0:00:06]} Rd6 {[%emt 0:00:05]} 28. Re5 {[%emt 0:00:54]} Nc7 {[%emt 0:07:54]} 29. Bc1 {[%emt 0:00:51]} Ne6 {[%emt 0:11:57]} 30. Rexf5 {[%emt 0:00:48]} Rxf5 {[%emt 0:00:33]} 31. Rxf5 {[%emt 0:00:09]} Bd8 {[%emt 0:00:13]} 32. Ne4 {[%emt 0:02:04]} Rd1 {[%emt 0:08:02]} 33. Bd2 {[%emt 0:02:18]} Kd7 {[%emt 0:01:39]} 34. Rf7+ {[%emt 0:00:38]} Kc6 {[%emt 0:00:05]} 35. Rxh7 {[%emt 0:00:18]} Rb1 {[%emt 0:01:18]} 36. Rh6 {[%emt 0:00:49]} Kd7 {[%emt 0:00:12]} 37. Bc3 {[%emt 0:00:10]} Bxa5 {[%emt 0:01:14]} 38. Bxa5 {[%emt 0:00:44]} Rxb2+ {[%emt 0:00:03]} 39. Kh3 {[%emt 0:00:30]} Ra2 {[%emt 0:00:28]} 40. Bc3 {[%emt 0:00:19]} 1-0

[Event "Charlotte Spring Classic 2021"]
[Site "Charlotte"]
[Date "2021.03.28"]
[Round "4.4"]
[White "Aaron, Deepak"]
[Black "Wu, Rochelle"]
[Result "1-0"]
[WhiteElo "2300"]
[BlackElo "2126"]
[Annotator "NA"]
[PlyCount "61"]
[EventDate "2021.03.22"]
[EventType "swiss"]
[EventCountry "USA"]
[SourceTitle "playchess.com"]
[Source "ChessBase"]
[SourceQuality "1"]
[TimeControl "5400+30"]

1. e4 {[%emt 0:01:30]} c5 {[%emt 0:00:00]} 2. Nf3 {[%emt 0:00:02]} d6 {[%emt 0:00:00]} 3. d4 {[%emt 0:00:01]} cxd4 {[%emt 0:00:03]} 4. Nxd4 {[%emt 0:00:02]} Nf6 {[%emt 0:00:10]} 5. Nc3 {[%emt 0:00:04]} g6 {[%emt 0:01:03]} 6. Be3 {[%emt 0:00:38]} Bg7 {[%emt 0:00:28]} 7. f3 {[%emt 0:00:04]} O-O {[%emt 0:00:09]} 8. Qd2 {[%emt 0:00:03]} Nc6 {[%emt 0:00:16]} 9. Bc4 {[%emt 0:00:06]} Bd7 {[%emt 0:00:14]} 10. h4 {[%emt 0:00:07]} Rc8 {[%emt 0:00:50]} 11. Bb3 {[%emt 0:00:05]} Nxd4 {[%emt 0:02:31]} 12. Bxd4 {[%emt 0:01:14]} b5 {[%emt 0:03:18]} 13. h5 {[%emt 0:03:50]} e6 {[%emt 0:04:42]} 14. hxg6 {[%emt 0:03:31]} fxg6 {[%emt 0:00:32]} 15. O-O-O {[%emt 0:04:44]} b4 {[%emt 0:06:40]} 16. Ne2 {[%emt 0:20:40]} a5 {[%emt 0:02:00]} 17. Nf4 {[%emt 0:02:42]} Qe7 {[%emt 0:04:22]} 18. Qe2 {[%emt 0:05:38]} a4 {[%emt 0:02:09]} 19. Bc4 {[%emt 0:02:20]} Rxc4 {[%emt 0:05:51]} 20. Qxc4 {[%emt 0:01:47]} Rc8 {[%emt 0:03:50]} 21. Qxb4 {[%emt 0:02:05]} e5 {[%emt 0:01:42]} 22. Bc3 {[%emt 0:00:25]} Rxc3 {[%emt 0:13:21]} 23. bxc3 {[%emt 0:02:00]} exf4 {[%emt 0:01:00]} 24. Qxd6 {[%emt 0:01:05]} Qxd6 {[%emt 0:12:14]} 25. Rxd6 {[%emt 0:01:06]} Bb5 {[%emt 0:00:11]} 26. Rb6 {[%emt 0:03:29]} Bc4 {[%emt 0:00:22]} 27. Rd1 {[%emt 0:03:19]} Kf8 {[%emt 0:04:08]} 28. Rd4 {[%emt 0:05:53]} Bxa2 {[%emt 0:01:12]} 29. e5 {[%emt 0:05:41]} Nd5 {[%emt 0:08:18]} 30. Rb8+ {[%emt 0:01:38]} Kf7 {[%emt 0:00:49]} 31. Rxa4 {[%emt 0:03:44]} 1-0

[Event "Charlotte Spring Classic 2021"]
[Site "Charlotte"]
[Date "2021.03.28"]
[Round "4.5"]
[White "Bregadze, Levan"]
[Black "Johnson, Donald"]
[Result "1-0"]
[WhiteElo "2454"]
[BlackElo "1881"]
[Annotator "TA"]
[PlyCount "111"]
[EventDate "2021.03.22"]
[EventType "swiss"]
[EventCountry "USA"]
[SourceTitle "playchess.com"]
[Source "ChessBase"]
[SourceQuality "1"]

{[%evp 19,110,-20,-8,-40,-34,-34,-31,-74,-68,-78,-72,-154,-167,-167,-76,-97,-89,-86,-66,-72,-85,-71,-66,-66,-66,-113,-56,-48,-47,-42,-55,-49,-61,-83,-14,-11,-5,-13,-10,-9,-3,-3,-7,-11,-8,0,0,-10,-8,-8,397,397,5812,5625,5210,5114,29976,29977,29977,29978,29978,29979,29979,29980,29980,29981,29981,29982,29982,29983,29983,29984,29984,29985,29988,29989,29990,29991,29993,29994,29994,29995,29995,29995,29996,29996,29996,29997,29997,29997,29998,29999,29999]} 1. Nf3 c5 2. c4 Nc6 3. Nc3 e5 4. g3 g6 5. Bg2 Bg7 6. O-O d6 7. Ne1 Be6 8. d3 Nge7 9. Nc2 d5 10. cxd5 Nxd5 11. Ne3 {[%cal Re3d5] A37: Symmetrical English vs ...g6: 4 Bg2 Bg7 5 Nf3.} Nde7 12. Ne4 b6 13. Qa4 {White wants to play Nxc5.Black is slightly better.} Rc8 14. Ng5 Bd7 $1 {[#]} 15. Qh4 $146 {[#]} (15. Re1 $142) ({Predecessor:} 15. Nc4 O-O 16. Nd6 Nd4 17. Qd1 Rc7 18. Nc4 Bc6 19. Bxc6 Nexc6 20. e3 Nf5 21. e4 {0-1 (65) Marn,J (2215)-Svanda,O (2234) Pardubice 2019}) 15... Nd4 $1 $17 16. Re1 Nef5 (16... f6 $19 {Threatens to win with ...Nef5.} 17. Ne4 Nef5 18. Nxf5 Nxf5) 17. Nxf5 Bxf5 18. e3 {[#]} h6 $1 19. exd4 {Strongly threatening Nf3.} hxg5 20. Qxg5 Qxg5 21. Bxg5 cxd4 22. Bb7 {[#]} Rc2 ({Black should try} 22... Rc5 $1 $17 23. Ba6 f6) 23. Rac1 $15 Bxd3 24. Bc6+ Kf8 25. Ba4 $1 {[%cal Ra4c2]} Rc5 26. Bd2 {aiming for Bb4.} Bh6 (26... a5 $17 27. b4 Rxc1 28. Rxc1 b5) 27. Bxh6+ $11 Rxh6 28. Rxc5 bxc5 29. Rxe5 Rh5 30. Rxh5 gxh5 {[%mdl 4096] Endgame KB-KB} 31. f4 Ke7 32. Kf2 Ke6 33. Bd1 h4 34. gxh4 c4 $2 {[%mdl 8192]} (34... Kf5 $11 {and Black has nothing to worry.}) 35. Be2 $18 {Black must now prevent Bxd3.} Bxe2 (35... Be4 36. Bxc4+ Kf6) 36. Kxe2 {KP-KP} Kf6 37. b4 {[%cal Bb2b4,Bb4b5][%mdl 32]} c3 38. Kd3 {White mates.} Kg6 39. b5 Kh5 40. a4 Kg4 41. h5 Kf3 42. h6 c2 43. Kxc2 Ke2 44. h7 d3+ 45. Kc3 d2 46. h8=Q d1=N+ 47. Kd4 Kd2 48. Qh3 Nf2 49. Qe3+ Kc2 50. Qxf2+ Kb3 51. Kc5 f5 52. Qe3+ Ka2 53. Kb4 a5+ 54. bxa6 Ka1 55. Kb3 {[%cal Re3g1]} Kb1 56. Qe1# {White used his chance.  Weighted Error Value: White=0.07/Black=0.47} 1-0